Countries with the Most Farmland - Statistics

General Stats
  • This quiz has been taken 32 times
  • The average score is 21 of 25
Answer Stats
Hint Answer % Correct
63,366,060 Brazil
100%
38,352,400 Canada
100%
134,900,000 China
100%
123,249,000 Russia
100%
40,200,000 Argentina
97%
160,436,800 United States
97%
31,074,000 Australia
93%
19,463,780 France
93%
169,463,000 India
93%
26,574,000 Mexico
93%
16,985,170 Spain
90%
17,818,000 Niger
87%
40,500,000 Nigeria
87%
32,003,000 Pakistan
87%
13,300,000 DR Congo
83%
33,669,000 Ukraine
83%
51,300,000 Indonesia
80%
23,384,000 Turkey
80%
16,477,000 Iran
77%
17,540,100 Ethiopia
73%
29,527,000 Kazakhstan
73%
21,310,000 Thailand
70%
19,991,160 Sudan
67%
12,571,600 Myanmar
63%
15,650,000 Tanzania
60%
No matching quizzes found
Score Distribution
Percent of People with Each Score
Percentile by Number Answered
Your Score History
You have not taken this quiz